000 00774nam a22001935i 4500
001 161920
003 ES-MaACL
005 20230906212402.0
008 041027s1890 sp |||| | spa d
040 _aCAM
_bspa
_cCAM
080 _a378.5(460.152)(060.55)
110 2 _aInstituto Vizcaíno.
_95253
245 1 0 _aMemoria sobre el estado del Instituto Vizcaíno de Segunda Enseñanza durante el curso de 1886 á 1887 /
_cpor Juan Pérez y Malumbres.
260 _aBilbao :
_b[s.n.],
_c1890 (
_fEst. Tip. de la Viuda de E. Calle)
300 _a80 p. ;
_c23 cm.
610 2 4 _aInstituto Vizcaíno-
_vMemorias.
_9147223
700 1 _aPérez y Malumbres, Juan.
_9131472
852 _aES-MaACL
_jT-531-F-3
_z-- Enc. hol. conservando la cub. original
_z-- Enc. en un vol. facticio
999 _c161920
_d161920